LEADER 01166nam a2200229 i 4500 001 000000058094 003 CaOOAMICUS 005 19971103000000.0 008 971103s1978 it u000 u lat u 013 $a29266 040 $aSeMil$bita 245 12$aA pontificatu Pii 9. (1846) usque ad pontificatum Leonis 13. (1903) /$ce documentis tabularii praesertim Vaticani collecta, digesta, edita per Remigium Ritzler et Pirminum Sefrin. 260 $aPadova :$bMessaggero di S. Antonio,$c1978. 300 $aXVII, 665 p. 700 1 $aRitzler, Remigius .$0(OLS)http://semarc/name/29599 700 1 $aSefrin, Pirminus,$c.$0(OLS)http://semarc/name/29600 773 0 $tHierarchia catholica Medii aevi sive summorum pontificum, S.R.E. cardinalium, ecclesiarum antistitum series.$bEditio altera.$g8$w()798 850 $aSeMil 852 $aSeMil$W1$xVenegono$y1$mSL1.F IX 9$j24247$B24247$CSeMilBibl$Z2$F24250 $8I 961 $aAcquisto: Casa editrice 996 $6245$aA pontificatu Pii 9. (1846) usque ad pontificatum Leonis 13. (1903)$9(OLS)http://semarc/title/90494 996 $6260$aPadova :$bMessaggero di S. Antonio$9(OLS)http://semarc/publisher/30062 LEADER 00999nam a2200205 i 4500 001 000000071382 003 CaOOAMICUS 005 20130626000000.0 008 130626s1894 xx u000 u lat u 013 $a42554 040 $aSeMil$bita 100 1 $aDe Mandato, Pio .$0(OLS)http://semarc/name/30454 245 10$aInstitutiones philosophicae ad normam doctrinae Aristotelis et S. Thomae Aquinatis /$cstudiosae iuventuti breviter propositae a Pio De Mandato. 260 $aRomae :$bEx Typographia polyglotta S. C. de Propaganda fide,$c1894. 300 $aVI, 381 p. ;$c23 cm. 650 4$aFilosofia scolastica.$0(OLS)http://semarc/subject/769 850 $aSeMil 852 $aSeMil$W1$xVenegono$y1$m2P IV 73 FA$j37535$B37535$CSeMilBibl$Z2$F37538 $8I 996 $6245$aInstitutiones philosophicae ad normam doctrinae Aristotelis et S. Thomae Aquinatis$9(OLS)http://semarc/title/114788 996 $6260$aRomae :$bEx Typographia polyglotta S. C. de Propaganda fide$9(OLS)http://semarc/publisher/41895